A moment on the edge

Bibliographic Details
Main Author: George, Elizabeth
Format: Book
Published: New York : Harper Parennial , 2005
Subjects:

MARC

LEADER 00000cam a2200000 7i4500
001 0000010694
005 20071029.0
008 071029
020 |a 0060588225 
090 0 0 |a GEO   |b ENG 
100 1 |a George, Elizabeth 
245 1 2 |a A moment on the edge   |c Elizabeth George 
260 |a New York :   |b Harper Parennial ,   |c 2005 
650 0 |a Detective and mystery stories 
650 0 |a English fiction 
650 0 |a Fiction   |x Women authors 
650 0 |a Novel 
999 |a 0000997842   |b Book   |c Adult Collection   |e Perbadanan Perpustakaan Awam Johor 
999 |a 0001016558   |b Book   |c Adult Collection   |e Perbadanan Perpustakaan Awam Johor